Normal view
MARC view
- Supervisor Dr Muhammad Zeeshan Mirza
Entry Corporate Name
001 - CONTROL NUMBER
- control field: 90707
003 - CONTROL NUMBER IDENTIFIER
- control field: NUST
005 - DATE AND TIME OF LATEST TRANSACTION
- control field: 20220325163927.0
008 - FIXED-LENGTH DATA ELEMENTS
- fixed length control field: 220325|| aca||aabn | a|a d
040 ## - CATALOGING SOURCE
- Original cataloging agency: NUST
- Transcribing agency: NUST
110 ## - HEADING--CORPORATE NAME
- Corporate name or jurisdiction name as entry element: Supervisor Dr Muhammad Zeeshan Mirza
670 ## - SOURCE DATA FOUND
- Source citation: Work cat.: (NUST): Ihtisham Ul Haq 29332, TH-SOF-1974-Impact Of Safety Culture On Workers’ Engagement In Construction Industry Of Pakistan, 2022.
